All BABYMONSTER Songs (until We Go Up) - Statistics

General Stats
  • This quiz has been taken 191 times
    99 since last reset
  • The average score is 16 of 20
Answer Stats
Answer % Correct
WE GO UP
97%
DRIP
95%
BATTER UP
93%
SHEESH
92%
PSYCHO
87%
FOREVER
85%
HOT SAUCE
85%
CLICK CLAK
83%
Stuck In The Middle
82%
Really Like You
80%
WILD
80%
DREAM
78%
SUPA DUPA LUV
77%
BILLIONAIRE
75%
LIKE THAT
72%
Woke Up In Tokyo (RUKA & ASA)
72%
Intro : MONSTERS
70%
Love In My Heart
68%
Love, Maybe
68%
Ghost
63%
No matching quizzes found
Score Distribution
Percent of People with Each Score
Percentile by Number Answered
Your Score History
You have not taken this quiz since the last reset